000 00811nam a22002295a 4500
003 OSt
005 20170326153718.0
008 170322s2005 ua frb 000 0 ara d
040 _aEG-ScBUE
_bara
_cEG-ScBUE
043 _af-ua---
082 0 4 _a346.620434
_bن ج ي
_222
100 1 _aنجيدة، علي.
245 1 2 _aالعقود المسماة :
_bعقد الإيجار /
_cعلي نجيدة.
260 _aالقاهرة :
_bدار النهضة العربية،
_c2005.
300 _a412 ص. ؛
_c24 سم.
504 _aيشتمل على إرجاعات ببليوجرافية.
650 0 _2BUEsh
_aالعقود (قانون مدنى)
_940832
_zمصر.
650 0 _2BUEsh
_aعقود الإيجار
_xقوانين وتشريعات
_zمصر.
651 _2BUEsh
653 _bLLAAWW
_cMarch2017
942 _2ddc
999 _c24536
_d24508